000
00332nam a2200133Ia 4500
008
190723s9999 xx 000 0 und d
020
_a
13:978-0-07-107052-2
100
_a
Stephen J.Chapman
245
0
_a
Electric Machinery Fundamentals
250
_a
4th
260
_a
India
_b
McGraw Hill
_c
2015
300
_a
746:p
942
_c
BK
999
_c
1490
_d
1490